000 00551nam a2200157 4500
999 _c16926
_d16926
008 220519b ||||| |||| 00| 0 eng d
022 _a0117-3308
082 _aDPer 004.1105 C73 Sept 2010 - April 2011 v. 20 n. 3-9
100 _aReynaldo, Vicente
_945165
245 _aThe country's biggest IT users:
_b100 premier/
_cVicente Reynaldo.
260 _aPhilippines:
_bSchneider Electric,
_c©2010-2011.
300 _av20 n6, pages 12-16 :
_bcolor illustrations;
_c27 cm.
500 _aComputer world.
650 _aTechnology.
_945166
942 _2ddc
_cPER